Brendan's Pokemon - Statistics

General Stats
  • This quiz has been taken 5 times
  • The average score is 22 of 26
Answer Stats
He uses it in Answer % Correct
Hoenn Blaziken
100%
Hoenn Breloom
100%
Hoenn Combusken
100%
Hoenn Grovyle
100%
Hoenn Marshtomp
100%
Hoenn Mudkip
100%
Hoenn Pelipper
100%
Hoenn Sceptile
100%
Hoenn Shroomish
100%
Hoenn Swampert
100%
Hoenn Swellow
100%
Hoenn Torchic
100%
Hoenn Treecko
100%
Hoenn Wingull
100%
Hoenn Exploud
75%
Hoenn Lombre
75%
Hoenn Lotad
75%
Hoenn Ludicolo
75%
Hoenn Numel
75%
Hoenn Tropius
75%
Hoenn Wailmer
75%
Hoenn Wailord
75%
Hoenn Claydol
50%
Hoenn Magcargo
50%
Hoenn Slugma
50%
Hoenn Raichu
25%
No matching quizzes found
Score Distribution
Percent of People with Each Score
Percentile by Number Answered
Your Score History
You have not taken this quiz